Descentralización universal o El Fuero vascongado aplicado a todas las provincias : (Record no. 20022)

MARC details
000 -LEADER
campo de control de longitud fija 01117nam a2200253 i 4500
001 - NÚMERO DE CONTROL
campo de control 20022
003 - IDENTIFICADOR DE NÚMERO DE CONTROL
campo de control ES-MaACL
005 - FECHA Y HORA DE LA ÚLTIMA TRANSACCIÓN
campo de control 20230906152221.0
007 - CAMPO FIJO DE DESCRIPCIÓN FÍSICA--INFORMACIÓN GENERAL
campo de control de longitud fija t|
008 - DATOS DE LONGITUD FIJA--INFORMACIÓN GENERAL
campo de control de longitud fija 021112s1873 sp ||||1| spa d
080 ## - NÚMERO DE LA CLASIFICACIÓN DECIMAL UNIVERSAL
Número de la Clasificación Decimal Universal 34(460.15)
100 1# - ENTRADA PRINCIPAL--NOMBRE DE PERSONA
Nombre de persona Arrese, Julián de.
9 (RLIN) 23264
245 10 - MENCIÓN DEL TÍTULO
Título Descentralización universal o El Fuero vascongado aplicado a todas las provincias :
Resto del título con un examen comparativo de las instituciones vascongadas, suizas y americanas /
Mención de responsabilidad, etc. Julián Arrese.
260 ## - PUBLICACIÓN, DISTRIBUCIÓN, ETC.
Lugar de publicación, distribución, etc. Madrid :
Nombre del editor, distribuidor, etc. Librería de Victoriano Suárez,
Fecha de publicación, distribución, etc. 1873 (
Fabricante Imp. de José María Pérez)
300 ## - DESCRIPCIÓN FÍSICA
Extensión 281 p. ;
Dimensiones 18 cm.
530 ## - NOTA DISPONIBLE DE FORMULARIO FÍSICO ADICIONAL
Nota de formato físico adicional disponible Disponible en formato digital.
650 ## - PUNTO DE ACCESO ADICIONAL DE MATERIA--TÉRMINO DE MATERIA
Término de materia o nombre geográfico como elemento de entrada Fueros-
Subdivisión geográfica País Vasco.
9 (RLIN) 12994
650 ## - PUNTO DE ACCESO ADICIONAL DE MATERIA--TÉRMINO DE MATERIA
Término de materia o nombre geográfico como elemento de entrada Descentralización administrativa-
Subdivisión geográfica País Vasco.
9 (RLIN) 173107
740 32 - ENTRADA AGREGADA--TÍTULO RELACIONADO/ANALÍTICO NO CONTROLADO
Título relacionado o analítico no controlado El Fuero vascongado aplicado a todas las provincias.
852 ## - LOCALIZACIÓN
Ubicación ES-MaACL
Número de control de estantería D-1542(1)
Nota libre - Enc. con otras obras
852 ## - LOCALIZACIÓN
Ubicación ES-MaACL
Número de control de estantería D-3770
856 ## - LOCALIZACIÓN Y ACCESO ELECTRÓNICOS
Identificador Uniforme de Recursos <a href="https://bvpb.mcu.es/es/consulta/registro.do?id=440605 ">https://bvpb.mcu.es/es/consulta/registro.do?id=440605 </a>
Nota pública Biblioteca Virtual del Patrimonio Bibliográfico
856 ## - LOCALIZACIÓN Y ACCESO ELECTRÓNICOS
Identificador Uniforme de Recursos <a href="http://hdl.handle.net/10357/1472zMemoria Digital Vasca">http://hdl.handle.net/10357/1472zMemoria Digital Vasca</a>
Holdings
Estatus retirado Estado de pérdida Estado de daño No para préstamo Colección Biblioteca de origen Biblioteca actual Ubicación en estantería Fecha de adquisición Fuente de adquisición Total de préstamos Signatura topográfica completa Código de barras Visto por última vez Precio de reemplazo Tipo de ítem Koha
        Colección digital Biblioteca del Ateneo de Madrid Biblioteca del Ateneo de Madrid Sala Valle Inclán 17/01/2008     D-3770 901020516 23/02/2023 23/02/2023 Libro impreso antiguo
        Colección digital Biblioteca del Ateneo de Madrid Biblioteca del Ateneo de Madrid Sala Valle Inclán 17/01/2008     D-1542 901020515 23/02/2023 23/02/2023 Libro impreso antiguo